LIBRARY ONLINE CATALOGUE

A Curriculum for community paralegal workers / (Record no. 9506)

MARC details
000 -LEADER
fixed length control field 00616nam a22001932 4500
001 - CONTROL NUMBER
control field 0000020801
005 - DATE AND TIME OF LATEST TRANSACTION
control field 20151217152222.0
008 - FIXED-LENGTH DATA ELEMENTS--GENERAL INFORMATION
fixed length control field 111017s xx 000 0 eng d
040 ## - CATALOGING SOURCE
Original cataloging agency KABU
Transcribing agency KABU
245 12 - TITLE STATEMENT
Title A Curriculum for community paralegal workers /
Statement of responsibility, etc. Paralegal Support Network (PASUNE)
250 ## - EDITION STATEMENT
Edition statement 1st ed.
260 ## - PUBLICATION, DISTRIBUTION, ETC. (IMPRINT)
Place of publication, distribution, etc. Nairobi :
Name of publisher, distributor, etc. PASUNE,
Date of publication, distribution, etc. 2003.
300 ## - PHYSICAL DESCRIPTION
Extent 93 p. ;
Dimensions cm.
650 #0 - SUBJECT ADDED ENTRY--TOPICAL TERM
Topical term or geographic name as entry element Legal assistants
General subdivision Education
-- Curriculum.
-- 0000181365
710 2# - ADDED ENTRY--CORPORATE NAME
Corporate name or jurisdiction name as entry element Paralegal Support Network.
-- 0000181366
852 1# - LOCATION
-- p200 KES
908 ## - PUT COMMAND PARAMETER (RLIN)
Put command parameter 111017
950 ## - LOCAL HOLDINGS (RLIN)
-- 1
Holdings
Withdrawn status Lost status Source of classification or shelving scheme Not for loan Home library Current library Date acquired Total Checkouts Full call number Barcode Date last seen Price effective from Koha item type
    Library of Congress Classification   Kabarak, Main Campus Kabarak, Main Campus 17/12/2015   K100 .C87 2003 c. 1 33925 17/12/2015 17/12/2015 General Collection